Les interventions sociales de proximité (notice n° 1548758)

détails MARC
000 -LEADER
fixed length control field 00921cam a2200133 4500500
005 - DATE AND TIME OF LATEST TRANSACTION
control field 20251012042341.0
041 ## - LANGUAGE CODE
Language code of text/sound track or separate title fre
042 ## - AUTHENTICATION CODE
Authentication code dc
100 10 - MAIN ENTRY--PERSONAL NAME
Personal name Poyraz, Mustafa
Relator term author
245 00 - TITLE STATEMENT
Title Les interventions sociales de proximité
260 ## - PUBLICATION, DISTRIBUTION, ETC.
Name of publisher, distributor, etc. L'Harmattan,<br/>
Date of publication, distribution, etc. 2005.<br/>
520 ## - SUMMARY, ETC.
Summary, etc. Les enjeux liés aux espaces de proximité, où les problèmes de la pauvreté, de l’exclusion, de l’immigration et de la jeunesse s’exposent de façon marquante, occupent une place de plus en plus importante dans la politique publique. Ces différentes contributions tentent d’analyser les interventions sociales dans ces espaces. Le positionnement des centres sociaux et des maisons de quartier, ponts reliés aux institutions, constitue le point central de la préoccupation de ce travail.
856 41 - ELECTRONIC LOCATION AND ACCESS
Uniform Resource Identifier <a href="https://shs.cairn.info/les-interventions-sociales-de-proximite--9782747584395?lang=fr&redirect-ssocas=7080">https://shs.cairn.info/les-interventions-sociales-de-proximite--9782747584395?lang=fr&redirect-ssocas=7080</a>

Pas d'exemplaire disponible.

PLUDOC

PLUDOC est la plateforme unique et centralisée de gestion des bibliothèques physiques et numériques de Guinée administré par le CEDUST. Elle est la plus grande base de données de ressources documentaires pour les Étudiants, Enseignants chercheurs et Chercheurs de Guinée.

Adresse

627 919 101/664 919 101

25 boulevard du commerce
Kaloum, Conakry, Guinée

Réseaux sociaux

Powered by Netsen Group @ 2025